<?xml version="1.0" encoding="UTF-8"?><?xml-stylesheet type="text/xsl" href="static/style.xsl"?><OAI-PMH xmlns="http://www.openarchives.org/OAI/2.0/" xmlns:xsi="http://www.w3.org/2001/XMLSchema-instance" xsi:schemaLocation="http://www.openarchives.org/OAI/2.0/ http://www.openarchives.org/OAI/2.0/OAI-PMH.xsd"><responseDate>2026-06-29T02:11:32Z</responseDate><request verb="GetRecord" identifier="oai:docta.ucm.es:20.500.14352/117850" metadataPrefix="marc">https://docta.ucm.es/rest/oai/request</request><GetRecord><record><header><identifier>oai:docta.ucm.es:20.500.14352/117850</identifier><datestamp>2025-02-06T01:08:57Z</datestamp><setSpec>com_20.500.14352_14</setSpec><setSpec>col_20.500.14352_15</setSpec></header><metadata><record xmlns="http://www.loc.gov/MARC21/slim" xmlns:dcterms="http://purl.org/dc/terms/" xmlns:xsi="http://www.w3.org/2001/XMLSchema-instance" xmlns:doc="http://www.lyncode.com/xoai" xsi:schemaLocation="http://www.loc.gov/MARC21/slim http://www.loc.gov/standards/marcxml/schema/MARC21slim.xsd">
   <leader>00925njm 22002777a 4500</leader>
   <datafield ind2=" " ind1=" " tag="042">
      <subfield code="a">dc</subfield>
   </datafield>
   <datafield ind2=" " ind1=" " tag="720">
      <subfield code="a">Pradiee, Jorgea</subfield>
      <subfield code="e">author</subfield>
   </datafield>
   <datafield ind2=" " ind1=" " tag="720">
      <subfield code="a">Sánchez Calabuig, María Jesús</subfield>
      <subfield code="e">author</subfield>
   </datafield>
   <datafield ind2=" " ind1=" " tag="720">
      <subfield code="a">Castaño, Cristina</subfield>
      <subfield code="e">author</subfield>
   </datafield>
   <datafield ind2=" " ind1=" " tag="720">
      <subfield code="a">O'Brien, Emma</subfield>
      <subfield code="e">author</subfield>
   </datafield>
   <datafield ind2=" " ind1=" " tag="720">
      <subfield code="a">Esteso, MC</subfield>
      <subfield code="e">author</subfield>
   </datafield>
   <datafield ind2=" " ind1=" " tag="720">
      <subfield code="a">Beltrán- Breña, Paula</subfield>
      <subfield code="e">author</subfield>
   </datafield>
   <datafield ind2=" " ind1=" " tag="720">
      <subfield code="a">Maillo, Verónica</subfield>
      <subfield code="e">author</subfield>
   </datafield>
   <datafield ind2=" " ind1=" " tag="720">
      <subfield code="a">Santiago Moreno, Julian</subfield>
      <subfield code="e">author</subfield>
   </datafield>
   <datafield ind2=" " ind1=" " tag="720">
      <subfield code="a">Rizos, Dimitrios</subfield>
      <subfield code="e">author</subfield>
   </datafield>
   <datafield ind2=" " ind1=" " tag="260">
      <subfield code="c">2018</subfield>
   </datafield>
   <datafield ind2=" " ind1=" " tag="520">
      <subfield code="a">In this study, we successfully described for the first time a vitrification of epididymal Iberian ibex spermatozoa. Spermatozoa from epididymis were obtained from 15 Iberian ibex. The right epididymis' semen sample was vitrified and the left one was frozen. After thawing/warming, samples were selected by density gradient. Sperm characteristics from each treatment were evaluated. To test the spermatozoa fertilization ability, heterologous IVF was carried out using bovine oocytes. Despite of the observation of a decrease of about 40% for motility sperm between pre-freezing and post-thawing (75.0 ± 5.2 and 45.0 ± 6.0) and pre-vitrification and post-warming (78.2 ± 5.2 and 33.9 ± 6.2) (P &lt; .05), after the washing, an improvement of sperm motility was found when using the vitrification treatment compared to frozen-thawed. Heterologous IVF showed that Iberian Ibex spermatozoa, either frozen-thawed or vitrified-warmed, were equally capable of penetrating ZP intact bovine oocytes, leading to pronuclear formation (%) and hybrid embryo cleavage (%), (31.3 ± 27.2 and 45.1 ± 24.4, respectively). As expected, in the homologous IVF group, higher percentages of penetration, pronuclei formation and cleavage were found compared to heterologous groups using Iberian ibex frozen and vitrified sperm (P &lt; 0,5). The highest pronuclei formation was found after 20 h post insemination in both heterologous IVF groups (30.2 ± 6.7 and 31.7 ± 21.5 thawed and vitrified group). Consequently, the cleavage rate (48 h) followed the same results to homologous and thawed and vitrified groups (76.1 ± 15.9; 31.3 ± 27.2 and 45.1 ± 24.4, respectively) (P &lt; .05). In conclusion, Iberian ibex sperm vitrification is a promising and useful alternative to conventional methods resulting in good quality spermatozoa post-thaw, and an adequate in vitro fertilizing ability.</subfield>
   </datafield>
   <datafield ind1="8" ind2=" " tag="024">
      <subfield code="a">Pradieé, Sánchez-Calabuig, Castaño, O’Brien, Esteso, Beltrán-Breña, Maillo, Santiago-Moreno, &amp; Rizos. (2018). Fertilizing capacity of vitrified epididymal sperm from Iberian ibex (Capra pyrenaica). Theriogenology, 108, 314-320. https://doi.org/10.1016/J.THERIOGENOLOGY.2017.11.021</subfield>
   </datafield>
   <datafield ind1="8" ind2=" " tag="024">
      <subfield code="a">0093-691X</subfield>
   </datafield>
   <datafield ind1="8" ind2=" " tag="024">
      <subfield code="a">10.1016/j.theriogenology.2017.11.021</subfield>
   </datafield>
   <datafield ind1="8" ind2=" " tag="024">
      <subfield code="a">https://hdl.handle.net/20.500.14352/117850</subfield>
   </datafield>
   <datafield ind1="8" ind2=" " tag="024">
      <subfield code="a">1879-3231</subfield>
   </datafield>
   <datafield ind1="8" ind2=" " tag="024">
      <subfield code="a">https://doi.org/10.1016/j.theriogenology.2017.11.021</subfield>
   </datafield>
   <datafield ind1="8" ind2=" " tag="024">
      <subfield code="a">29288975</subfield>
   </datafield>
   <datafield ind2="0" ind1="0" tag="245">
      <subfield code="a">Fertilizing capacity of vitrified epididymal sperm from Iberian ibex (Capra pyrenaica)</subfield>
   </datafield>
</record></metadata></record></GetRecord></OAI-PMH>